000 00875cam a2200241 4500
008 000000n1999 000 0 eng u
020 _a0854069623
035 _a(Sirsi) u103103
050 _a333.332
_c18
110 _aRoyal Institution of Chartered Surveyors
_94900
245 _aValuation of surgery premises used for medical or health services
_bguidance note
250 _a2nd ed.
260 _aCoventry
_bRICS Books
_c1999
300 _a15p.
_c30cm
490 _aRICS Guidance Note
520 _aReproduction of Guidance Note 10 from the "RICS appraisal and valuation manual" (ISBN 0854066993).
520 _aSuperseded by 2003 edition (ISBN 1842191454). Supersedes first edition (ISBN 0854067310).
650 _aHEALTH CENTRES
650 _aSURGERIES
650 _aDOCTORS' SURGERIES
690 _aPROPERTY-PROPERTY APPRAISAL AND VALUATION
942 _n0
999 _c100086
_d100086